000 00986nam a2200265Ia 4500
003 OSt
005 20221005104809.0
006 a|||||r|||| 00| 0
007 ta
008 221004b |||||||| |||| 00| 0 hin d
020 _a9789381610220 (hbk)
_cIndian Rupees 175
024 _a33706
037 _bGift, 25/09/2017,
_cTextual
040 _aCRL
_cCRL
_bhin
041 _2hin
_ahin
082 _aO152,3NSA,BK, Q3
100 _aसाकेती, नसीम, ले.
245 0 _aबोल कि लब आज़ाद है
246 _aBol ki lab āज़ād hai
260 _aदिल्ली
_bशिल्पायन पब्लिशर्स एण्ड डिस्ट्रीब्यूटर्स भारत
_c2013
300 _a95पृ0
_ccm.
650 _aहिन्दी कहानी
942 _hO152,3NSA,BK, Q3
_cTEXL
_2cc
999 _c1013822
_d1013822